000 00713nam a2200241Ia 4500
003 OSt
005 20220925230249.0
006 a|||||r|||| 00| 0
007 ta
008 220923b |||||||| |||| 00| 0 eng d
020 _a0819151718
037 _cGeneral Book
040 _aRTL
_cRTL
_beng
041 _2eng
_aeng
082 _aSigma.N80<--N00, M6
100 _aDeutsch Karl V Ed.
_9293454
245 0 _aAdvances in the social sciences 1900-1980
_b What ,
260 _aLondon
_bUniversity Press of America U K
_c1986
300 _axviii,460p.
_ccm.
650 _aSocial Sciences
942 _hSigma.N80<--N00, M6
_cGB
_2CC
999 _c585052
_d585052